|
|
|
|
| LEADER |
01569nam a2200421 a 4500 |
| 001 |
GR-Patra11074 |
| 008 |
991022s gr b 000 b eng d |
| 020 |
|
|
|a 0030245745
|
| 040 |
|
|
|a GrPaTEI
|b gre
|c GR-PaULI
|
| 245 |
0 |
0 |
|a International management :
|b text and cases.
|
| 260 |
|
|
|a Philadelphia :
|b Dryden press,
|c c1998
|
| 300 |
|
|
|a xx, 844σ.
|
| 504 |
|
|
|a Περιλαμβάνει βιβλιογραφικές παραπομπές
|
| 650 |
|
0 |
|a Business communication
|
| 650 |
|
0 |
|a Ethics
|
| 650 |
|
0 |
|a GOVERNMENT POLICY
|
| 650 |
|
0 |
|a HUMAN RESOURCES
|
| 650 |
|
0 |
|a INTERNATIONAL BUSINESS
|
| 650 |
|
0 |
|a LABOUR RELATIONS
|
| 650 |
|
0 |
|a Leadership
|
| 650 |
|
0 |
|a Management
|
| 650 |
|
4 |
|a ΔΙΕΘΝΕΙΣ ΕΠΙΧΕΙΡΗΣΕΙΣ
|
| 650 |
|
4 |
|a ΔΙΟΙΚΗΣΗ ΚΑΙ ΟΡΓΑΝΩΣΗ
|
| 650 |
|
4 |
|a ΔΙΟΙΚΗΣΗ ΚΑΙ ΟΡΓΑΝΩΣΗ
|
| 650 |
|
4 |
|a ΔΙΟΙΚΗΣΗ ΚΑΙ ΟΡΓΑΝΩΣΗ
|
| 650 |
|
4 |
|a ΕΚΠΑΙΔΕΥΣΗ ΠΡΟΣΩΠΙΚΟΥ
|
| 650 |
|
4 |
|a Επιχειρησιακή επικοινωνία
|
| 650 |
|
4 |
|a Ηγεσία
|
| 650 |
|
4 |
|a ΗΘΙΚΗ
|
| 650 |
|
4 |
|a ΚΥΒΕΡΝΗΤΙΚΗ ΠΟΛΙΤΙΚΗ
|
| 650 |
|
4 |
|a ΠΡΟΣΩΠΙΚΟ
|
| 650 |
|
4 |
|a ΣΤΡΑΤΗΓΙΚΟ ΜΑΝΑΤΖΜΕΝΤ
|
| 700 |
1 |
|
|a Holt, David H.
|
| 710 |
0 |
|
|a Dryden press
|
| 942 |
|
|
|2 ddc
|
| 952 |
|
|
|0 0
|1 0
|2 ddc
|4 0
|6 658_000000000000000_HOL
|7 0
|9 291717
|a LISK
|b LISK
|c BSC
|d 2021-01-17
|e 24
|f 0
|g 0.00
|l 0
|o 658 HOL
|p 92410014105
|r 2021-01-17 00:00:00
|t 1
|w 2021-01-17
|y BK15
|x 19991024 0 1
|x GrPaTEI
|
| 971 |
|
|
|a .b26585893
|b 15-04-20
|c 23-09-16
|
| 999 |
|
|
|c 170388
|d 170388
|